| 000 | 00368 a2200157 4500 | ||
|---|---|---|---|
| 001 | 169772 | ||
| 020 | _a | ||
| 040 | _cMagnum | ||
| 100 | _aSevcenko, Nicolau | ||
| 240 | 1 | 0 |
_aGuia interdisciplinar de leitura e atividades _lpor |
| 245 | 1 | 0 | _aGuia interdisciplinar de leitura e atividades |
| 362 | 0 | _a1899 | |
| 440 | 1 | _aScipione | |
| 697 | _aENSINO | ||
| 942 | _cBK | ||
| 999 |
_c169772 _d169772 |
||